Film français : Jour de fête - Statistiques

Statistiques générales
  • Ce quiz a été pris 12 fois
  • Le résultat moyen est 10 sur 16
Statistiques - réponses
Questions Réponses % Correct
Réalisateur et scénariste du film qui au surplus joue le rôle principal de François. Jacques Tati
100%
Année de sortie du film. 1949
83%
Profession de François. Facteur
83%
Moyen de locomotion de François. La bicyclette
83%
"Jour de fête" aurait dû être l'un des premiers films français en ______ de l'après-guerre. La société Thomson-Houston avait proposé au réalisateur d'utiliser un nouveau procédé pour lequel elle fournissait pellicule et assistance technique mais Thomson s'avéra incapable de tirer des copies _____ d'après le matériel original. Une version inédite en _______ est cependant présentée le 11 janvier 1995. Couleur
75%
Festival italien au cours duquel le film remporta le prix du meilleur scénario. La Mostra de Venise
75%
État américain cité dans le titre du western fictif présenté dans ce cinéma ambulant : "Les rivaux de l'______". Sa capitale est Phoenix. L'Arizona
75%
Film d'animation réalisé par Sylvain Chomet et sorti en 2003. Dans une scène de ce film, l'on aperçoit trois vieilles dames regarder un extrait de "Jour de fête" à la télévision. Les triplettes de Belleville
75%
Moyens de transport que les Américains ont mis à la disposition des confrères outre-Atlantique de François pour faire en sorte que les opérations de tri et de distribution des "300 millions de lettres et paquets divers" s'effectuent dans un minimum de temps, selon un film projeté dans le cinéma. François piqué au vif commença à faire des tournées en triple vitesse "à l'américaine", lui qui avait jusque là l'habitude de prendre son temps et même de rendre service aux villageois et paysans en cours de tournée. Des avions
67%
Événement organisé dans le village qui présentait entre autre un cinéma ambulant. Une fête foraine
67%
Moyens de transport que les Américains ont mis à la disposition des confrères outre-Atlantique de François pour faire en sorte que les opérations de tri et de distribution des "300 millions de lettres et paquets divers" s'effectuent dans un minimum de temps, selon un film projeté dans le cinéma. François piqué au vif commença à faire des tournées en triple vitesse "à l'américaine", lui qui avait jusque là l'habitude de prendre son temps et même de rendre service aux villageois et paysans en cours de tournée. Des motos
58%
Pays d'origine du père de cet acteur-réalisateur. La Russie
50%
Moyens de transport que les Américains ont mis à la disposition des confrères outre-Atlantique de François pour faire en sorte que les opérations de tri et de distribution des "300 millions de lettres et paquets divers" s'effectuent dans un minimum de temps, selon un film projeté dans le cinéma. François piqué au vif commença alors à faire des tournées en triple vitesse "à l'américaine", lui qui avait jusque là l'habitude de prendre son temps et de rendre service aux villageois et paysans en cours de tournée. Des hélicoptères
42%
Acteur qui joue le rôle de Marcel et qui se liera plus tard d'amitié avec Jean Gabin et Lino Ventura aux côtés desquels il aura de nombreux rôles comme dans Razzia sur la chnouf, Touchez pas au grisbi, Marie Octobre ou encore Un singe en hiver (où il était M. Esnault, le bistrot). Paul Frankeur
42%
Toujours selon ce film projeté dans ce cinéma, un concours de _______ est organisé en Oklahoma pour élire le plus costaud des confrères de François. Culturisme
33%
Village français du Berry, à 46 bornes au sud de Chateauroux, où a été tourné le film, village rebaptisé pour l'occasion Follainville. Sainte-Sévère-sur-Indre
8%
Aucun quiz correspondant
Distribution des résultats
% des personnes avec chaque résultat
Percentile par nombre de réponses
Votre historique - résultats
Vous n’avez pas pris ce quiz